Culture of cells for tissue engineering (Record no. 170722)
[ view plain ]
| 000 -LEADER | |
|---|---|
| fixed length control field | 00600nam a2200217Ia 4500 |
| 003 - CONTROL NUMBER IDENTIFIER | |
| control field | OSt |
| 005 - DATE AND TIME OF LATEST TRANSACTION | |
| control field | 20230503103107.0 |
| 008 - FIXED-LENGTH DATA ELEMENTS--GENERAL INFORMATION | |
| fixed length control field | 210423s2010 xx 000 0 und d |
| 020 ## - INTERNATIONAL STANDARD BOOK NUMBER | |
| International Standard Book Number | 978-81-265-2574-4 |
| 040 ## - CATALOGING SOURCE | |
| Transcribing agency | AL |
| 041 ## - LANGUAGE CODE | |
| Language code of text/sound track or separate title | eng |
| 082 ## - DEWEY DECIMAL CLASSIFICATION NUMBER | |
| Classification number | 581.0724 |
| Edition number | 23 |
| Item number | VUNC |
| 100 ## - MAIN ENTRY--PERSONAL NAME | |
| Personal name | VUNJAK-NOVAKOVIC (Gordana);FRESHNEY (Ian R) |
| 9 (RLIN) | 96570 |
| 245 ## - TITLE STATEMENT | |
| Title | Culture of cells for tissue engineering |
| 260 ## - PUBLICATION, DISTRIBUTION, ETC. | |
| Place of publication, distribution, etc. | Delhi |
| Name of publisher, distributor, etc. | Wiley India Pvt Ltd |
| Date of publication, distribution, etc. | 2010 |
| 300 ## - PHYSICAL DESCRIPTION | |
| Extent | xiii,512 |
| Other physical details | PB |
| 365 ## - TRADE PRICE | |
| Price amount | 1295 |
| Currency code | INR |
| 650 ## - SUBJECT ADDED ENTRY--TOPICAL TERM | |
| Topical term or geographic name entry element | Botany |
| 9 (RLIN) | 96571 |
| 906 ## - LOCAL DATA ELEMENT F, LDF (RLIN) | |
| a | cells ; Culture ; engineering ; tissue |
| 942 ## - ADDED ENTRY ELEMENTS (KOHA) | |
| Source of classification or shelving scheme | Dewey Decimal Classification |
| Koha item type | Book |
| Withdrawn status | Lost status | Damaged status | Not for loan | Collection code | Home library | Current library | Date acquired | Source of acquisition | Cost, normal purchase price | Total Checkouts | Total Renewals | Full call number | Barcode | Date last seen | Date last checked out | Price effective from | Koha item type |
|---|---|---|---|---|---|---|---|---|---|---|---|---|---|---|---|---|---|
| Bio Technology | St Aloysius PG Library | St Aloysius PG Library | 03/12/2020 | Sapna Book House | 1295.00 | 1 | 1 | 581.0724 VUNC | PG017224 | 07/19/2025 | 06/30/2025 | 04/26/2021 | Book |